[Event "Forchheim op-B 13th"]
[Site "Forchheim"]
[Date "2014.10.03"]
[Round "2"]
[White "Huber, Lukas"]
[Black "Loellmann, Heiner"]
[Result "1-0"]
[WhiteElo "1718"]
[BlackElo "1832"]
[PlyCount "47"]
[EventDate "2014.10.03"]
[EventType "swiss"]
[EventRounds "5"]
[EventCountry "GER"]
[SourceTitle "EXT 2019"]
[Source "ChessBase"]
[SourceDate "2018.10.10"]
[SourceVersion "1"]
[SourceVersionDate "2018.10.10"]
[SourceQuality "1"]

1. e4 e6 2. d4 d5 3. Nc3 Nf6 4. Bg5 Be7 5. e5 Nfd7 6. h4 a6 7. Qg4 Bxg5 8. hxg5 c5 9. g6 f5 10. Qf4 h6 11. Nf3 Nf8 12. Qg3 cxd4 13. Nxd4 Nc6 14. Nxc6 bxc6 15. Be2 d4 16. 0-0-0 c5 17. Na4 Qa5 18. Qf3 Rb8 19. Qc6+ Bd7 20. Qd6 Rb4 21. Nxc5 Qxa2 22. Nb3 a5 23. Rh4 Nxg6 24. Bh5 1-0

[Event "Mittelfranken-chTB2b 1415"]
[Site "Mittelfranken"]
[Date "2014.09.28"]
[Round "1.3"]
[White "Friedrich, Heinrich"]
[Black "Loellmann, Heiner"]
[Result "1/2-1/2"]
[WhiteElo "1913"]
[BlackElo "1848"]
[PlyCount "74"]
[EventDate "2014.09.28"]
[EventType "team-tourn"]
[EventRounds "9"]
[EventCountry "GER"]
[SourceTitle "EXT 2020"]
[Source "ChessBase"]
[SourceDate "2019.10.17"]
[SourceVersion "1"]
[SourceVersionDate "2019.10.17"]
[SourceQuality "1"]
[WhiteTeam "Kirchehren/Eberm"]
[BlackTeam "Bubenreuth/Moehrendorf"]
[WhiteTeamCountry "GER"]
[BlackTeamCountry "GER"]

1. d4 d5 2. c4 e6 3. Nf3 Nf6 4. e3 Be7 5. Nc3 0-0 6. Bd2 c5 7. Bd3 cxd4 8. exd4 Nc6 9. Ne2 Nb4 10. Bxb4 Bxb4+ 11. Nc3 Qa5 12. Qc2 dxc4 13. Bxc4 b5 14. Bd3 Bb7 15. 0-0 Rac8 16. Rac1 Rfd8 17. a3 Bf8 18. Qe2 b4 19. axb4 Qxb4 20. Ne4 Bxe4 21. Bxe4 Nxe4 22. Qxe4 Qxb2 23. Rb1 Qc3 24. Rb7 Rc7 25. h3 g6 26. Rfb1 Rdc8 27. Rxc7 Rxc7 28. Qa8 Kg7 29. g3 Bb4 30. Qe4 a5 31. Qe5+ Kg8 32. Ng5 Qc6 33. Ne4 Be7 34. Rb8+ Rc8 35. Rxc8+ Qxc8 36. Qxa5 Qc1+ 37. Kh2 Qc6 1/2-1/2